000 00614nam a22001817a 4500
003 UA-OsUOA
001 18979
007 ta
008 20040629b un ||||| |||| 00| 0 ukr d
100 _aЧайка І.
942 _cSA
040 _aUA-OsUOA
_cUA-OsUOA
_dUA-OsUOA
245 _aТверезий світогляд оптиміста
_b[Про голов. лікаря міськ. поліклініки N3, деп. міськ. ради І. Чайку.]
300 _aС.4
955 _a0
773 0 _w0
_tСім днів
_dРівне
_d2004
_g№25/18 черв./
650 7 _aКраєзнавча робота
_2UDC
999 _c305150
_d305150